000 00390pab a2200157 454500
008 180718b2010 xxu||||| |||| 00| 0 eng d
100 _aKumar, P. Kesava
245 _aPopular culture and ideology: the phenomenon of Gaddar
260 _c2010
300 _ap.61-67.
362 _a13 Feb
650 _aCulture
773 _aEconomic and Political Weekly
908 _aN
909 _a85672
999 _c85672
_d85672